000
00296nam a22001337a 4500
020
_a
9788181288189
082
_a
664.002 BEL/FO
100
_a
Belitz H D
_a
Grosch W
_a
Schieberle P
245
_a
Food Chemistry
250
_a
3rd rev ed
260
_b
Springer
_c
2007
300
_a
1070
942
_c
BK
999
_c
13812
_d
13812